00541nam a22001697a 450000500170000001000150001702000260003203500140005803700130007208200170008510000170010224500860011926000390020527000470024430000300029150000500032120170331161033.0 aENG-117681 a9788184845648c880.00 aEN-101213 bDABD/PUB a332.63270954 aGhos, Soheli aMutul funds in India/cby Soheli Ghoshba look into the Past Present and Future / aNew DelhibRegal Publicationc2016 aF-159, Rajouri Garden, bNew Delhie110027 axiv,208p :c22cm(Hb)bill aIncludes bibliographical references and index